000
00281nam a22000977a 4500
082
_a
348.5491046
_b
PLD
245
_a
The PLD Quinquennial Digest 1957 to 1961:
_b
civil, criminal & revenue /
260
_a
Lahore :
_b
PLD Publishers,
_c
1957-1961.
300
_a
volume
942
_2
ddc
_c
CR
_s
1
999
_c
593125
_d
593125